Представление документа в формате MARC21

Поле Инд. ПП Название Значение
Тип записи a
Библиографический уровень m
001 Контрольный номер 4eda273c02574eb98a969a36ef9a32c6
005 Дата корректировки 20260506160930.5
008 Кодируемые данные 240304|||||||||ru |||||||||||||||||rus||
020 a ISBN 978-5-907368-70-5
040 a Служба первич. каталог. DE
b Код языка каталог. rus
e Правила каталог. PSBO
084 a Индекс другой классификации/Индекс ББК 65.049(2Рос)
090 a Полочн. индекс 65.04
x Авторский знак С 66
203 a Вид содержания Текст
c Тип средства непосредственное
245 10 a Заглавие Состояние и перспективы научно-технологической деятельности в Арктике на 2023 г.
c Ответственность Министерство науки и высшего образования Российской Федерации, Федеральное государственное автономное образовательное учреждение высшего образования "Мурманский арктический университет" ; ответственный редактор Г. Г. Гогоберидзе
b Продолж. заглавия информационно-аналитическое издание
260 a Место издания Мурманск
b Издательство МАУ
c Дата издания 2023
300 a Объем 76 с.
b Иллюстрации/ тип воспроизводства диагр.
500 a Примечание Имеется электрон. аналог 2023 г.
500 a Примечание Редактор указан на тит. л. как автор
520 0_ a Аннотация Информационно-аналитическое издание содержит сведения о проведении научных исследований и реализации научно-технологических проектов в Арктической зоне Российской Федерации в 2023 г. Издание предназначено для руководителей федеральных, региональных и муниципальных органов исполнительной власти, научных фондов, иных организаций и агентств, принимающих решения в области управления научными и научно-технологическими исследованиями в российском секторе Арктики, а также для широкого круга руководящих работников в различных отраслях российской экономики. Работы проводились в рамках реализации проекта государственного задания Министерства науки и высшего образования Российской Федерации, паспорт проекта № 4296-23, и инициативной НИОКР № госрегистрации 122061400032-7
583 x Служебное примечание Труды преподавателей МАУ
x Служебное примечание Арктические исследования
650 04 a Основная рубрика Региональная экономика-Арктика-Сборники
651 _4 a Географическое наименование Арктика
651 _4 a Географическое наименование Арктическая зона России
653 0_ a Ключевые слова Освоение Арктики
a Ключевые слова Научно-исследовательская деятельность
a Ключевые слова Научно-технологический анализ
a Ключевые слова Научно-технологические проекты
a Ключевые слова Исследования арктические
a Ключевые слова Исследования научные
a Ключевые слова Развитие науки
a Ключевые слова Труды преподавателей МАУ
700 12 a Другие авторы Гогоберидзе Г. Г.
e Роль лиц Редактор
900 a Имя макрообъекта Состояние и перспективы научно-технологической деятельности
901 t Тип документа m